000 00986cam a22002414a 4500
001 13644642
005 20250127095815.0
008 040702s2005 enka b 001 0 eng
020 _a1403914850
050 0 0 _aHQ1190
_b.F44297 2005
082 0 0 _a305.42/01
_222
245 0 0 _aFeminist critical discourse analysis :
_bgender, power, and ideology in discourse /
_cedited by Michelle M. Lazar.
260 _aHoundmills, Basingstoke, Hampshire ;
_aNew York :
_bPalgrave Macmillan,
_c2005.
300 _ax, 260 p. :
_bill. ;
_c23 cm.
650 0 _aFeminist theory.
650 0 _aCritical discourse analysis.
650 0 _aSociolinguistics.
700 1 _aLazar, Michelle M.
856 4 2 _3Contributor biographical information
_uhttp://www.loc.gov/catdir/bios/hol059/2004056077.html
856 4 2 _3Publisher description
_uhttp://www.loc.gov/catdir/description/hol054/2004056077.html
856 4 1 _3Table of contents
_uhttp://www.loc.gov/catdir/toc/hol052/2004056077.html
942 _2lcc
_cBK
_n0
999 _c3086
_d3086